Top 50 Largest Cities in the United States - Sudden Death - Statistics

General Stats
  • This quiz has been taken 3,239 times
  • The average score is 10 of 50
Answers on the Grid
Answers color-coded by a green-red scale on the quiz's grid according to % correct below.
New York
Los Angeles
Chicago
Houston
Phoenix
Philadelphia
San Antonio
San Diego
Dallas
Jacksonville
Fort Worth
Austin
San Jose
Charlotte
Columbus
Indianapolis
San Francisco
Seattle
Denver
Oklahoma City
Nashville
Washington
El Paso
Las Vegas
Boston
Detroit
Portland
Louisville
Memphis
Baltimore
Albuquerque
Milwaukee
Tucson
Fresno
Sacramento
Atlanta
Mesa
Kansas City, MO
Colorado Springs
Raleigh
Omaha
Miami
Virginia Beach
Long Beach
Oakland
Minneapolis
Bakersfield
Tulsa
Tampa
Arlington, TX
Aurora
Wichita
Cleveland
New Orleans
Henderson
Honolulu
Anaheim
Orlando
Riverside
St. Louis
Arlington, VA
Boise City
Toledo
St. Petersburg
Buffalo
Anchorage
Madison
Pittsburgh
Newark
St. Paul
Cincinnati
Lexington
Fort Wayne
Salt Lake City
Des Moines
Sioux Falls
Rochester
Tallahassee
Grand Rapids
Greensboro
Santa Ana
Irvine
Stockton
Frisco
Norfolk
Salem
Springfield, MO
Charleston
Kansas City, KS
Hollywood, FL
Alexandria
Springfield, MA
Jackson
Syracuse
New Haven
Dayton
Akron
Montgomery
Birmingham
Little Rock
 
Answer Stats
Answer % Correct
Los Angeles
37%
New York
37%
Philadelphia
36%
Dallas
35%
Chicago
34%
San Francisco
33%
Boston
32%
Phoenix
31%
Atlanta
29%
Houston
29%
Miami
29%
Seattle
29%
Denver
28%
Austin
26%
San Diego
26%
Detroit
25%
San Antonio
25%
Las Vegas
24%
Washington
24%
Indianapolis
21%
Jacksonville
21%
San Jose
20%
Baltimore
18%
Minneapolis
18%
Nashville
18%
Charlotte
17%
Oklahoma City
16%
Portland
16%
Sacramento
16%
Columbus
15%
Memphis
15%
Milwaukee
15%
Tampa
15%
Fort Worth
14%
Kansas City, MO
14%
El Paso
12%
Louisville
10%
Tucson
10%
Albuquerque
9%
Fresno
9%
Oakland
9%
Raleigh
9%
Virginia Beach
9%
Omaha
8%
Colorado Springs
7%
Long Beach
7%
Mesa
6%
Tulsa
6%
Arlington, TX
5%
Bakersfield
4%
No matching quizzes found
Score Distribution
Percent of People with Each Score
Percentile by Number Answered
Your Score History
You have not taken this quiz